LEADER 01071nam a2200253 i 4500 001 000000038192 003 CaOOAMICUS 005 20260424114153.0 008 931231s1960 gw u000 u ger u 013 $a8597 040 $aSeMil$bita 100 1 $aScheler, Max,$d<1874-1928>.$0(OLS)http://semarc/name/7920 245 14$aDie Wissensformen und die Gesellschaft /$cMax Scheler ; mit Zusätzen hrsg. von Maria Scheler. 250 $a2. durchgesehene Aufl. 260 $aBern ; München :$bFrancke,$c1960. 300 $a536 p. ;$c24 cm. 700 1 $aScheler, Maria.$0(OLS)http://semarc/name/124232 773 0 $aScheler, Max <1874-1928>$tGesammelte Werke.$dBern ; München : Francke : [poi]... Bonn : Bouvier, 1971-1990.$gBd.8$w()17321 850 $aSeMil 852 $aSeMil$W1$xVenegono$y1$m2LL II 38$j270922$B4347$CSeMilBibl$Z2$F4347 $81 961 $aAcquisto: Altro 996 $6245$aDie Wissensformen und die Gesellschaft$9(OLS)http://semarc/title/53801 996 $6260$aBern ; München :$bFrancke$9(OLS)http://semarc/publisher/34775